| 000 | 00413 a2200133 4500 | ||
|---|---|---|---|
| 020 | _a9782668664 | ||
| 050 |
_aBS 2535.2 _b.M34 1996 |
||
| 100 |
_aMcCain, Danny. _97888 |
||
| 245 |
_aNotes on new testament introduction / _cDanny, McCain. |
||
| 260 |
_aJos, Nigeria : _bAfrican Christian Textbooks (ACTS), _c c1996. |
||
| 300 |
_a373 p. ; _c24cm. |
||
| 504 | _aIncludes bibliographical reference. | ||
| 942 |
_2lcc _cBK _n0 |
||
| 999 |
_c3707 _d3707 |
||